000 00323nam a2200121Ia 4500
008 240731s9999 xx 000 0 und d
022 _a2159-6778
245 0 _aQualitative Research in Sport, Exercise and Health
260 _bRoutledge
856 _uhttps://www.tandfonline.com/loi/rqrs21
942 _2ddc
942 _cTFEJ
999 _c79101
_d79101
945 _a1
_bMadushi Gamage
_c1
_dMadushi Gamage